000
00337nam a2200157Ia 4500
005
20250425160814.0
008
250425s9999 xx 000 0 und d
041
_a
spa
082
_a
621.4
245
0
_a
ANALISIS DE PLANTAS
250
_a
S.E.
260
_a
S.L.
260
_a
Sin Pais
_b
ESPOL
_c
1980
942
_c
01
010
_a
5653
999
_c
196482
_d
196482